90 secs Countries of the World: by Country Transits Distance = 4 - Statistics

General Stats
  • This quiz has been taken 291 times
  • The average score is 137 of 155
Answer Stats
COUNTRY % Correct
Lebanon
100%
Mauritania
100%
Algeria
99%
Austria
99%
Belgium
99%
Bosnia and Herzegovina
99%
Bulgaria
99%
Croatia
99%
Czech Republic
99%
Denmark
99%
France
99%
Germany
99%
Greece
99%
Israel
99%
Jordan
99%
Kuwait
99%
Liechtenstein
99%
Luxembourg
99%
Macedonia
99%
Moldova
99%
Montenegro
99%
Netherlands
99%
Saudi Arabia
99%
Slovenia
99%
Spain
99%
Switzerland
99%
Syria
99%
Albania
98%
Andorra
98%
Armenia
98%
Brazil
98%
Egypt
98%
Hungary
98%
Ireland
98%
Italy
98%
Kosovo
98%
Lithuania
98%
Monaco
98%
Romania
98%
Russia
98%
Serbia
98%
Slovakia
98%
Suriname
98%
Sweden
98%
Turkmenistan
98%
Afghanistan
97%
Morocco
97%
Pakistan
97%
Belarus
96%
China
96%
Equatorial Guinea
96%
Estonia
96%
Finland
96%
Gabon
96%
India
96%
Iraq
96%
Latvia
96%
Libya
96%
Malaysia
96%
Niger
96%
Norway
96%
Poland
96%
Portugal
96%
San Marino
96%
Tunisia
96%
Turkey
96%
United Kingdom
96%
Uzbekistan
96%
Vatican City
96%
Azerbaijan
95%
Costa Rica
95%
Georgia
95%
Somalia
95%
Tajikistan
95%
Brunei
94%
Indonesia
94%
Iran
94%
Kazakhstan
94%
Mongolia
94%
Nicaragua
94%
North Korea
94%
South Korea
94%
Ukraine
94%
Djibouti
93%
Mali
93%
Sri Lanka
93%
Sudan
93%
Togo
93%
Vietnam
93%
Bangladesh
92%
Ecuador
92%
Panama
92%
Benin
91%
Bhutan
91%
Burma
91%
Chile
91%
Ethiopia
91%
Kyrgyzstan
91%
Laos
91%
Nepal
91%
Senegal
91%
Argentina
90%
Bolivia
90%
Colombia
90%
Guyana
90%
Paraguay
90%
Peru
90%
South Sudan
90%
Uruguay
90%
Venezuela
90%
Cambodia
89%
Cameroon
89%
Central African Republic
89%
Thailand
88%
Burkina Faso
86%
Gambia
86%
Nigeria
86%
Eritrea
85%
Cote d'Ivoire
84%
Guinea
84%
Ghana
83%
Guinea-Bissau
83%
Angola
82%
Burundi
82%
Rwanda
82%
Oman
81%
Qatar
81%
United Arab Emirates
81%
Yemen
81%
Lesotho
79%
Republic of the Congo
79%
Sierra Leone
79%
Chad
78%
Zambia
78%
Namibia
77%
Tanzania
77%
Kenya
76%
Liberia
76%
Democratic Republic of the Congo
74%
Swaziland
74%
Uganda
73%
Botswana
72%
Zimbabwe
72%
El Salvador
71%
Malawi
68%
Mozambique
68%
Honduras
66%
South Africa
57%
Guatemala
42%
East Timor
36%
Papua New Guinea
36%
Canada
29%
Belize
23%
Mexico
23%
United States
21%
No matching quizzes found
Score Distribution
Percent of People with Each Score
Percentile by Number Answered
Your Score History
You have not taken this quiz